00858nam a2200145 a 450000100100000000500170001000800410002704000250006808200090009310000310010224502240013326000520035750002570040970000460066600003455720200930073750.0111006s1892 sp 000 0 spa d aDO-SdBNPbspacBNPHU axxxx1 aVascáno, Antonio,d1862-10aEnsayo biográfico del célebre navegante y consumado cosmógrafo Juan de la Cosa y descripción e historia de su famosa carta geográfica /cAntonio Vascáno (pseud. de Antonio Cánovas del Castillo y Vallejo.). aMadrid :bTipo-Litografía de V. Faure,c1892. aObra impresa en español, francés é inglés, para acompañar al Mapamundi de Juan de la Cosa, que, como recuerdo del cuarto centenario del descubrimiento de América, han publicado en Madrid los sres. Cánovas Vallejo y Traynor. Octubre, 1892.1 aCánovas del Castillo y Vallejo, Antonio